000
00257nam a22001217a 4500
008
181024b xxu||||| |||| 00| 0 eng d
041
_a
eng
080
_2
3 ED
_a
781
100
_a
45
101
_a
MUZ
245
_a
TheMusik Kit
_c
Manof.T
942
_2
udc
_c
BK
999
_c
50878
_d
50878